Boys' Names in Top 1000-W (2023) - Statistics

General Stats
  • This quiz has been taken 177 times
  • The average score is 11 of 23
Answer Stats
Answer % Correct
William
97%
Wes
77%
Walter
70%
Wesley
69%
Warren
67%
Westin
67%
Weston
67%
Westyn
67%
Wyatt
60%
Wilson
58%
Wayne
56%
Wade
54%
Winston
54%
Waylen
49%
Waylon
49%
Walker
44%
Wren
25%
Watson
23%
Wells
23%
Westley
21%
Wilder
19%
Wylder
19%
Wesson
6%
No matching quizzes found
Score Distribution
Percent of People with Each Score
Percentile by Number Answered
Your Score History
You have not taken this quiz